Quizzes
Events
Quiz Creation
Community
Videos
Private Events
Remove Ads
Sign In
Join for FREE
Feedback
Dark Mode
Quiz Categories
Sports
Geography
Music
Movies
Television
Just For Fun
Miscellaneous
History
Literature
Language
Science
Gaming
Entertainment
Religion
Holiday
For Kids
Quiz Lab
Recent
Popular Today
Quiz Kudos Today
Editor Picks
Curator Picks
Quizzes by...
Day
Popularity
Type
Ratings
Length
Year
Community
Subscriptions
Recent Discussions
Orange Saloon
Badges
Playlists
Quests
Create
Leaderboards
Showdown
Live 5
Trivia Bingo
Activity
Puzzle Library
Sporcle Events
Private Events
Virtual Trivia
Globe League
Become a Host
Pub Owners
SporcleCon
Opinionation
Our Games
Videos
Blog
Mobile Apps
Partnerships
Remove Ads and Go Orange
Feedback
Gaming
Video Games
Board Games
Card Games
Pokémon
Mario
Nintendo
Minecraft
Console
Toys
Legend of Zelda
Gaming
Video Games
Board Games
Card Games
Pokémon
Mario
Nintendo
Minecraft
Console
Toys
Legend of Zelda
Random Quiz
Search Sporcle
×
Quiz Lab
Quiz Lab
Gaming
Pokémon
Type in answers that appear in a list
Type in answers that appear in a list
Classic
Best Score? Go Orange.
All Ice-Type Pokemon moves (Gen VII) Stats
Can you name the Ice-Type Pokemon moves in Gen 7?
By
The_Vanilluxe
5m
24 Questions
207 Plays
207 Plays
207 Plays
Comments
Comments
Give Quiz Kudos
Give Quiz Kudos
-
- Ratings
hide this ad
Replay
Link that replays current quiz
Next Quiz
Link to next quiz in quiz playlist
You Got
0%
They Got
Avg Score
89%
Avg Friend Score
Upgrade to see
Score Distribution
Jump to the score distribution portion of the page
Score
0/24
Timer
05:00
0
Plays Today
Added Effect
Move
% Correct
May Freeze Target
Ice Beam
98.6%
May Freeze Target
Blizzard
97.6%
Creates Hail Weather
Hail
97.1%
One-
Hit-
KO-
Move
Sheer Cold
96.6%
May Freeze Target
Ice Punch
95.2%
Super-
Effective against Water-
Types
Freeze-Dry
94.2%
Lowers opponent's Speed by 1 Stage
Icy Wind
93.2%
Builds up more damage over time
Ice Ball
92.3%
Prevents Stat Drops for 5 Turns
Mist
91.8%
+1 Priority
Ice Shard
91.8%
May Freeze or Flinch Target
Ice Fang
91.8%
Multi-
Hit Move
Icicle Spear
91.3%
Added Effect
Move
% Correct
Doubles in damage if user already takes damage
Avalanche
91.3%
May Freeze Target
Powder Snow
90.3%
May lower Target's Attack by 1 Stage
Aurora Beam
89.9%
Resets Stat Changes
Haze
89.9%
Raises user and allies Defenses in Hail
Aurora Veil
86.5%
Always Crits
Frost Breath
86%
May cause Flinching
Icicle Crash
85.5%
2-
Turn Move, May Burn Target
Ice Burn
85%
2-
Turn Move, May Paralyze Target
Freeze Shock
82.1%
Lower'a opponent's Speed by 1 Stage
Glaciate
80.2%
Z-
Move
Subzero Slammer
80.2%
Lower's user's Speed by 1 Stage
Ice Hammer
80.2%
Quiz Playlist
Details
Report
Send in Message
Add To Playlist
Classic:
Type in answers that appear in a list
Last Updated: Jul 19, 2017
Quiz Scoreboard
CHALLENGE
Sign Up to Join the Scoreboard
Show All
Scores
Hide
Comments
May contain spoilers
Recently Published
Billboard Blitz: Fleetwood Mac
by CooCooCachoo
Music
15s
Presidents Visiting Landmarks
by Hejman
History
7m
An Introduction to Baseball
by treessimontrees
Sports
5m
More to Explore
Quiz From the Vault
Featured Blog Post
Where Did the Easter Bunny Come From?
hide this ad
You Might Also Like...
Tags
Pokémon Quiz
effect
gen
Gen 7
Ice Pokémon
Power
VII
Today's Top Quizzes in Gaming
Browse Gaming
hide this ad
Today's Top Quizzes in Pokémon
Browse Pokémon
Top Contributed Quizzes in Gaming
1
5-to-1: Consoles
2
7-to-1: Board Game Piece Blitz
3
5-to-1: Legend of Zelda
4
Destiny 2 exotic weapons by perk icons
5
League of Legends Pro Players by Career/Team History
6
Ultimate Genshin Impact Logic Puzzle (up to 4.3)
7
Franchise by Action Figure
8
Genshin Impact Logic Puzzle Quiz
9
Who's on the WWE 2K24 Cover?
10
Overwatch Logic Puzzle
Explore More
Trending Topics
NBA
Kpop
Anime
Disney
Harry Potter
Marvel
Crossword
WWE
Song
The Office
Puzzle
Soccer
NFL
Pokémon
Country
hide this ad
More By:
The_Vanilluxe
Quiz
Plays
Rating
Category
Featured
Created
All Normal-Type Pokemon moves (Gen VII)
270
Gaming
Jul 1, 2017
All Fire-Type Pokemon moves (Gen VII)
236
Gaming
Jul 1, 2017
All Grass-Type Pokemon moves (Gen VII)
225
Gaming
Jul 9, 2017
All Water-Type Pokemon moves (Gen VII)
212
Gaming
Jul 2, 2017
All Dark-Type Pokemon moves (Gen VII)
208
5.00
Gaming
Jul 16, 2017
Go to Creator's Profile
Score Distribution
Quiz Creator Spotlight
The_Vanilluxe
Follow
Send a Message
Quizzes Created
-
Created Quiz Play Count
-
More By This Creator
Popular Quizzes Today
1
Find the US States - No Outlines Minefield
2
Find the Countries of Europe - No Outlines Minefield
3
The Countries of the World
4
Find the US States
5
US States
6
Popular People in 1961
7
Risky Map Clicking: Biggest States A-Z
8
Movies - When Are They Set?
More Gaming Quizzes
Spyro the Dragon: Beast Makers Realms
Quiz Lab
Trending Quizzes
Risky Map Clicking: Least Populous States A-Z
1-10 Letter G Words
1-10 Letter F Words
Risky Map Clicking: Next State Alphabetically
Risky Map Clicking: Biggest States A-Z
Recently Updated
Leaping Animals
pecheneg
Reality TV Shows (A-Z)
bhenderson79
Rickey Henderson's Hall of Fame Teammates
pecheneg
Champions League XIs: Arsenal
pecheneg
Quick Pick: Celebrities in WWE's Hall of Fame
aduchscher
A-Z Keypad Blitz II
pecheneg
Multiple Oscar Actors
pecheneg
Mystery Phrase Blitz: Oscar 'Best Actors'
pecheneg
F. Scott Fitzgerald Novels
LTH
Pick 3 Villains
ddd62291
Trending Topics
Disney
Marvel
Anime
NBA
Crossword
Harry Potter
Kpop
Country
The Office
Song
WWE
Soccer
Pokémon
Puzzle
NFL
Your Account Isn't Verified!
In order to create a playlist on Sporcle, you need to verify the email address you used during registration. Go to your
Sporcle Settings
to finish the process.
Report this User
Report this user for behavior that violates our
Community Guidelines
.
Details:
Send Report
Go to the Sporcle.com Mobile Site →
Comments